[Event "Druzynowe Mistrzostwa Polski Juniorow 2019 - II Liga"]
[Site "Szczyrk"]
[Date "1899-12-30"]
[Round "4.113"]
[White "Laszczuk, Zuzanna"]
[Black "Zybrant, Sandra"]
[Result "1-0"]
[WhiteTitle "I"]
[BlackTitle "II"]
[WhiteElo "1323"]
[BlackElo "1000"]

1. e4 c6 2. d3 d5 3. Nd2 Qc7 4. g3 d4 5. Bg2 e5 6. Ne2 Bg4 7. O-O Be7 8. f3 Be6
9. Qe1 Nd7 10. f4 Bc5 11. f5 Nf8 12. fxe6 Nxe6 13. Kh1 Ne7 14. Qf2 f6 15. Nf3
O-O-O 16. Bh3 Qd6 17. Bd2 Kc7 18. a3 a6 19. b4 Ba7 20. Bc1 g5 21. c4 b6 22. Bb2
c5 23. Nd2 cxb4 24. Bxe6 Qxe6 25. axb4 Qc8 26. Qxf6 Nc6 27. b5 Rd6 28. Qxg5 Rg8
29. Qh5 Ne7 30. Qxe5 Re8 31. Ba3 Qd7 32. Bxd6+ Qxd6 33. Qxd6+ Kxd6 34. Rxa6 1-0

[Event "Druzynowe Mistrzostwa Polski Juniorow 2019 - II Liga"]
[Site "Szczyrk"]
[Date "1899-12-30"]
[Round "4.114"]
[White "Mielnik, Zofia"]
[Black "Majewska, Zuzanna"]
[Result "0-1"]
[WhiteTitle "IV"]
[BlackTitle "II"]
[WhiteElo "1000"]
[BlackElo "1000"]

1. e4 e5 2. Nf3 Nc6 3. Nc3 Bc5 4. Bc4 Nf6 5. O-O d6 6. d3 h6 7. h3 O-O 8. Be3 Bxe3
9. fxe3 a6 10. a3 b5 11. Ba2 Ne7 12. d4 Ng6 13. dxe5 dxe5 14. Nd2 c6 15. b4 Qb6
16. Qe2 Nf4 17. Qf3 Rd8 18. Ncb1 a5 19. c3 Be6 20. Rf2 Bxa2 21. Rxa2 Nd3 22. Re2
axb4 23. cxb4 Nxb4 24. Rb2 Nd3 25. Rc2 c5 26. Nf1 b4 27. axb4 cxb4 28. Qg3 b3
29. Rb2 Nxb2 30. Qf3 Nd3 31. Qg3 Ra2 32. Rxa2 bxa2 33. Nc3 a1=Q 34. Ne2 Qbb1 35.
Qf3 Nc5 36. g4 Rd1 37. Neg3 Ncxe4 38. Ne2 Rxf1+ 39. Qxf1 Qxf1+ 40. Kh2 Qxe2# 0-1

[Event "Druzynowe Mistrzostwa Polski Juniorow 2019 - II Liga"]
[Site "Szczyrk"]
[Date "1899-12-30"]
[Round "4.115"]
[White "Michalowski, Patryk"]
[Black "Stachowicz, Hubert"]
[Result "1-0"]
[WhiteTitle "I"]
[BlackTitle "III"]
[WhiteElo "1674"]
[BlackElo "1092"]

1. e4 d6 2. d4 Nf6 3. Nc3 c5 4. Nf3 Nc6 5. h3 g6 6. Be3 Bg7 7. dxc5 dxc5 8. Qxd8+
Nxd8 9. Bxc5 b6 10. Bd4 Nc6 11. Bb5 Bb7 12. Nd5 Rc8 13. Ne5 e6 14. Nxf6+ Ke7 15.
Nxc6+ Bxc6 16. Bxc6 Rxc6 17. e5 Rxc2 18. O-O Rc7 19. Rac1 Rb7 20. Rfd1 h5 21.
Bc3 Bxf6 22. Bb4+ 1-0

[Event "Druzynowe Mistrzostwa Polski Juniorow 2019 - II Liga"]
[Site "Szczyrk"]
[Date "1899-12-30"]
[Round "4.116"]
[White "Bartlomowicz, Jakub"]
[Black "Kisiel, Adrian"]
[Result "1-0"]
[WhiteTitle "II+"]
[BlackTitle "III"]
[WhiteElo "1633"]
[BlackElo "1000"]

1. e4 e5 2. Nf3 Nc6 3. Bc4 Bc5 4. c3 d6 5. O-O Nf6 6. d4 Bb6 7. dxe5 Nxe4 8. Qe2
Bf5 9. exd6 Qxd6 10. Ng5 Qe7 11. Bxf7+ Kf8 12. Bc4 Nd6 13. Qxe7+ Nxe7 14. Bb3
h6 15. Nf3 Rd8 16. Be3 Bxe3 17. fxe3 Nb5 18. Nh4 g5 19. Nxf5 Nxf5 20. Rxf5+ Kg7
21. Rxb5 b6 22. Na3 Rhe8 23. Rf5 Kg6 24. Bc2 Kg7 25. Raf1 Rd7 26. Ba4 Ree7 27.
Bxd7 Rxd7 28. Nc4 Re7 29. Ne5 c5 30. Rf7+ Rxf7 31. Rxf7+ Kg8 32. Rxa7 h5 33. Ng6
g4 34. Kf2 h4 35. e4 b5 36. Ke3 b4 37. Kf4 bxc3 38. Kf5 c2 39. Kf6 c1=Q 40. Rg7#
1-0

[Event "Druzynowe Mistrzostwa Polski Juniorow 2019 - II Liga"]
[Site "Szczyrk"]
[Date "1899-12-30"]
[Round "4.117"]
[White "Twardowski, Jakub"]
[Black "Babiarz, Arkadiusz"]
[Result "0-1"]
[WhiteTitle "III"]
[BlackTitle "I++"]
[WhiteElo "1000"]
[BlackElo "1833"]

1. e4 c5 2. Nf3 e6 3. c3 d5 4. Bd3 Nf6 5. Bc2 dxe4 6. Ne5 Qd5 7. d4 exd3 8. Nxd3
Qxg2 9. Rf1 Nc6 10. f3 Qxh2 11. Bf4 Qh4+ 12. Ke2 c4 13. Rh1 cxd3+ 14. Ke3 Bc5+
15. Kxd3 Qxf4 16. Ke2 Qe3+ 17. Kf1 Qf2# 0-1

[Event "Druzynowe Mistrzostwa Polski Juniorow 2019 - II Liga"]
[Site "Szczyrk"]
[Date "1899-12-30"]
[Round "4.118"]
[White "Jemiola, Jeremi"]
[Black "Kisiel, Dominik"]
[Result "1-0"]
[WhiteTitle "III"]
[BlackTitle "II"]
[WhiteElo "1000"]
[BlackElo "1061"]

1. d4 Nf6 2. c4 g6 3. Nc3 Bg7 4. e4 d6 5. Nf3 O-O 6. Bf4 c5 7. d5 a6 8. Be2 Bg4
9. h3 Bxf3 10. Bxf3 Nbd7 11. O-O Nb6 12. b3 Qc7 13. Rc1 Rfd8 14. Qe2 Rac8 15.
Bg4 Nxg4 16. Qxg4 Qd7 17. Qf3 e6 18. Rfe1 exd5 19. exd5 Re8 20. Ne4 Bf8 21. Nf6+
Kh8 22. Nxd7 Nxd7 23. Qg4 Nf6 24. Qf3 Ng8 25. Qg3 Bg7 26. Bxd6 Rxe1+ 27. Rxe1
b6 28. Be5 f6 29. Bc3 Rf8 30. Re7 Nxe7 31. Qc7 Nf5 32. d6 Nd4 33. Kf1 Ne6 34.
Qe7 Nd8 35. Bxf6 Rxf6 36. Qxd8+ Rf8 37. Qe7 Kg8 38. d7 Bf6 39. Qe6+ Rf7 40. Qxf6
Rxf6 41. d8=Q+ Kg7 42. Qe7+ Rf7 43. Qe6 Rf6 44. Qc8 Rf8 45. Qxa6 Rf7 46. Qxb6
Rf6 47. Qxc5 Rf5 48. Qxf5 gxf5 49. a4 Kf7 50. a5 Ke7 51. a6 1-0

[Event "Druzynowe Mistrzostwa Polski Juniorow 2019 - II Liga"]
[Site "Szczyrk"]
[Date "1899-12-30"]
[Round "4.119"]
[White "Kicinska, Magdalena"]
[Black "Polak, Sylwia"]
[Result "0-1"]
[WhiteTitle "I"]
[BlackTitle "I+"]
[WhiteElo "1012"]
[BlackElo "1533"]

1. d4 d5 2. Nf3 Nf6 3. Bg5 e6 4. e3 Nbd7 5. Bd3 c5 6. c3 Bd6 7. O-O O-O 8. Nbd2
e5 9. dxe5 Nxe5 10. Nxe5 Bxe5 11. Nf3 Bc7 12. Qc2 h6 13. Bh4 Bg4 14. Kh1 Re8 15.
Rg1 Qd6 16. Bg3 Qc6 17. Bxc7 Qxc7 18. Bf5 Bxf5 19. Qxf5 Ne4 20. Rgf1 Qb6 21. Qxd5
Qxb2 22. Ne5 Ng5 23. Qxc5 Rac8 24. Qd4 Qxc3 25. Qxc3 Rxc3 26. Nf3 Nxf3 27. gxf3
Rc2 28. Kg1 Rd8 29. a4 Rdd2 30. f4 Ra2 31. h4 Kh7 32. Kg2 Rxf2+ 33. Rxf2 Rxa1
34. Rb2 b6 35. Rb4 f5 36. Kf2 Kg6 37. e4 fxe4 38. Rxe4 Kf5 39. Rb4 Ra3 40. Kg2
Kg4 41. Kh2 Ra2+ 42. Kg1 Kxh4 43. Rb3 Rxa4 44. Kf2 Rxf4+ 45. Kg2 Ra4 46. Rh3+
Kg5 47. Rb3 h5 48. Kh2 h4 49. Rh3 Ra2+ 50. Kg1 Kg4 51. Rb3 g5 52. Rc3 h3 53. Rb3
Kh4 54. Rc3 g4 55. Rb3 h2+ 56. Kh1 Ra1+ 57. Kxh2 g3+ 58. Rxg3 Ra2+ 59. Rg2 Rxg2+
60. Kxg2 a5 0-1

[Event "Druzynowe Mistrzostwa Polski Juniorow 2019 - II Liga"]
[Site "Szczyrk"]
[Date "1899-12-30"]
[Round "4.120"]
[White "Krzanowska, Liliana"]
[Black "Kicinska, Anna"]
[Result "0-1"]
[WhiteTitle "I"]
[BlackTitle "I"]
[WhiteElo "1192"]
[BlackElo "1000"]

1. Nf3 Nf6 2. c4 d5 3. e3 e6 4. d4 c6 5. Nc3 Bd6 6. Qc2 Nbd7 7. g4 h6 8. g5 hxg5
9. Nxg5 Ng4 10. h3 Qxg5 11. Rg1 Nxe3 12. Rxg5 Nxc2+ 13. Kd1 Nxa1 14. cxd5 exd5
15. Rxg7 Nb6 16. Be3 Bf5 17. Rg5 Bg6 18. Ne2 Nc2 19. Bf4 Bxf4 20. Nxf4 Nxd4 21.
Nxg6 fxg6 22. Rxg6 O-O-O 23. Rg4 Ne6 24. Rg6 Nc7 25. Bd3 Kb8 26. Rg3 Ne6 27. Bf5
Nc5 0-1

[Event "Druzynowe Mistrzostwa Polski Juniorow 2019 - II Liga"]
[Site "Szczyrk"]
[Date "1899-12-30"]
[Round "5.1"]
[White "Sanz, Wawer Daniel"]
[Black "Kawalko, Adam"]
[Result "1/2-1/2"]
[WhiteTitle "k"]
[BlackTitle "I+"]
[WhiteElo "2154"]
[BlackElo "1920"]

1. d4 Nf6 2. c4 e6 3. Nc3 Bb4 4. e3 O-O 5. Bd3 d5 6. Nf3 c5 7. O-O dxc4 8. Bxc4
Nc6 9. a3 cxd4 10. axb4 dxc3 11. bxc3 Qc7 12. Qe2 Bd7 13. Rd1 Rac8 14. Bb3 a6
15. Bb2 Rfd8 16. Rac1 Ng4 17. h3 Nge5 18. Nxe5 Nxe5 19. c4 Ng6 20. Qh5 Bc6 21.
Bd4 Qe7 22. c5 Qh4 23. Qxh4 Nxh4 24. Kh2 Rd7 25. Bc3 Rcd8 26. Rxd7 Rxd7 27. f3
Nf5 28. e4 Nd4 29. Bxd4 Rxd4 30. Rd1 Rxd1 31. Bxd1 e5 1/2-1/2

[Event "Druzynowe Mistrzostwa Polski Juniorow 2019 - II Liga"]
[Site "Szczyrk"]
[Date "1899-12-30"]
[Round "5.2"]
[White "Dytman, Radoslaw"]
[Black "Golecki, Jan"]
[Result "0-1"]
[WhiteTitle "I"]
[BlackTitle "I++"]
[WhiteElo "1745"]
[BlackElo "1947"]

1. e4 c5 2. Nf3 e6 3. d4 cxd4 4. Nxd4 Nf6 5. Nc3 Nc6 6. Ndb5 d6 7. Bf4 e5 8. Bg5
a6 9. Na3 b5 10. Nd5 Be7 11. Bxf6 Bxf6 12. c4 Nd4 13. Qd2 Bg5 14. Qd3 O-O 15.
Be2 f5 16. Bf3 Bb7 17. O-O bxc4 18. Nxc4 Nxf3+ 19. gxf3 fxe4 20. fxe4 Kh8 21.
Kh1 Bf4 22. Rg1 Bxh2 23. Rg2 Bf4 24. Qh3 Bxd5 25. exd5 Rf6 26. Qd3 Qe7 27. Ne3
Rh6+ 28. Kg1 Qh4 29. Kf1 Qh1+ 30. Rg1 Qf3 31. Qe2 Qh3+ 32. Ke1 Bxe3 33. Qxe3 Qxe3+
34. fxe3 Rh2 35. Rc1 Rxb2 36. Rc6 Rxa2 37. Rg4 Rb8 38. Rgc4 Rb1+ 39. Rc1 Rxc1+
40. Rxc1 h5 41. Rc6 h4 42. Kf1 Rd2 43. Rxd6 Kh7 44. Rd8 a5 45. Ke1 h3 46. Kxd2
h2 47. d6 h1=Q 48. d7 Qd5+ 49. Ke2 e4 0-1

[Event "Druzynowe Mistrzostwa Polski Juniorow 2019 - II Liga"]
[Site "Szczyrk"]
[Date "1899-12-30"]
[Round "5.3"]
[White "Mulawa, Cyprian"]
[Black "Madajczak, Piotr"]
[Result "0-1"]
[WhiteTitle "II+"]
[BlackTitle "I"]
[WhiteElo "1454"]
[BlackElo "1645"]

1. e4 c5 2. Nf3 Nc6 3. Bb5 g6 4. O-O Bg7 5. c3 e5 6. d3 a6 7. Bxc6 dxc6 8. Be3
b6 9. h3 Ne7 10. d4 cxd4 11. cxd4 exd4 12. Bxd4 O-O 13. Bxg7 Kxg7 14. Nc3 Be6
15. b3 c5 16. Qe2 Qc7 17. Rad1 b5 18. Qb2 Kg8 19. e5 Rfd8 20. Ne4 Nf5 21. Nf6+
Kh8 22. Qc1 Kg7 23. Qf4 Rxd1 24. Rxd1 Rd8 25. Rxd8 Qxd8 26. h4 c4 27. Ng5 c3 28.
Nxe6+ fxe6 29. Qe4 Ne7 30. Kh2 Qc8 31. Qc2 b4 32. Ne4 Nf5 33. Nd6 Qc5 34. Nxf5+
gxf5 35. Qd3 Qxe5+ 36. g3 Qc7 37. Qe3 h6 38. f4 c2 39. Qc1 Qc3 40. h5 Kf7 41.
Kh3 a5 42. Kh4 Qf3 0-1

[Event "Druzynowe Mistrzostwa Polski Juniorow 2019 - II Liga"]
[Site "Szczyrk"]
[Date "1899-12-30"]
[Round "5.4"]
[White "Grot, Blazej"]
[Black "Wolski, Michal"]
[Result "0-1"]
[WhiteTitle "CM"]
[BlackTitle "II"]
[WhiteElo "1611"]
[BlackElo "1454"]

1. e4 c6 2. d4 d5 3. Nc3 dxe4 4. Nxe4 Bf5 5. Ng3 Bg6 6. h4 h6 7. Nf3 Nd7 8. h5
Bh7 9. Bd3 Bxd3 10. Qxd3 e6 11. Bd2 Ngf6 12. O-O-O Bd6 13. Ne4 Nxe4 14. Qxe4 Nf6
15. Qe2 O-O 16. g4 Nh7 17. Rdg1 Be7 18. Rg2 Ng5 19. Nxg5 hxg5 20. f4 gxf4 21.
Bxf4 Qxd4 22. Be5 Bg5+ 23. Kb1 Qc5 24. Bc3 Rad8 25. a3 Qd5 26. Rgh2 Bh6 27. Rg2
Qg5 28. Bb4 Rfe8 29. Rf1 Rd7 30. Qf3 Red8 31. Ba5 Qxa5 32. g5 Bxg5 33. Rfg1 Bh6
34. Qf6 Rd1+ 35. Ka2 Qd5+ 36. b3 Rxg1 37. Rxg1 Qd2 38. Qb2 Qd4 39. Qb1 Rd5 40.
a4 Rxh5 0-1

[Event "Druzynowe Mistrzostwa Polski Juniorow 2019 - II Liga"]
[Site "Szczyrk"]
[Date "1899-12-30"]
[Round "5.5"]
[White "Trzaskowska, Hanna"]
[Black "Krzyzosiak, Anna"]
[Result "1/2-1/2"]
[WhiteTitle "I"]
[BlackTitle "I++"]
[WhiteElo "1628"]
[BlackElo "1546"]

1. e4 c5 2. Nf3 d6 3. d4 cxd4 4. Nxd4 Nf6 5. f3 e5 6. Bb5+ Bd7 7. Bxd7+ Qxd7 8.
Nf5 d5 9. Bg5 dxe4 10. Bxf6 gxf6 11. fxe4 Qxd1+ 12. Kxd1 Nc6 13. c3 Rd8+ 14. Kc2
Ne7 15. Rf1 Rg8 16. g3 Rg4 17. Nxe7 Kxe7 18. Re1 Bh6 19. Re2 a6 20. a4 Bg5 21.
Na3 h5 22. Rf1 h4 23. Rf3 hxg3 24. hxg3 Rh8 25. Nc4 Rh3 26. Nb6 Rhxg3 27. Nd5+
Ke6 28. Rxg3 Rxg3 29. Rf2 Rg4 30. Kd3 Rg3+ 31. Kc4 Rg4 32. Kd3 Rg3+ 33. Kc4 Rg4
34. Kd3 1/2-1/2

[Event "Druzynowe Mistrzostwa Polski Juniorow 2019 - II Liga"]
[Site "Szczyrk"]
[Date "1899-12-30"]
[Round "5.6"]
[White "Jedrzejko, Martyna"]
[Black "Moscicka, Alicja"]
[Result "1-0"]
[WhiteTitle "I"]
[BlackTitle "II"]
[WhiteElo "1472"]
[BlackElo "1000"]

1. e4 c5 2. Nf3 e6 3. d4 cxd4 4. Nxd4 Nf6 5. Nc3 Nc6 6. Ndb5 Bb4 7. a3 Bxc3+ 8.
Nxc3 a6 9. Qd6 Qe7 10. e5 Qxd6 11. exd6 O-O 12. Be3 Rb8 13. Bb6 Ne8 14. O-O-O
f5 15. Na4 Ne5 16. f4 Nf7 17. Bc7 Nxc7 18. dxc7 Ra8 19. Nb6 Ra7 20. Nxd7 Bxd7
21. Rxd7 Raa8 22. Bc4 Rfe8 23. Rhd1 Rf8 24. Bxe6 Rae8 25. Bxf7+ Rxf7 26. Rxf7
Kxf7 27. Rd8 Rxd8 28. cxd8=Q Ke6 29. Qb6+ Kd7 30. Qd6+ 1-0

[Event "Druzynowe Mistrzostwa Polski Juniorow 2019 - II Liga"]
[Site "Szczyrk"]
[Date "1899-12-30"]
[Round "5.7"]
[White "Luczak, Filip"]
[Black "Pniaczek, Marek"]
[Result "1-0"]
[WhiteTitle "CM"]
[BlackTitle "CM"]
[WhiteElo "2144"]
[BlackElo "2276"]

1. Nf3 c5 2. g3 Nc6 3. Bg2 e5 4. d3 g6 5. O-O Bg7 6. c4 Nge7 7. Nc3 O-O 8. Ne1
d6 9. Nc2 a6 10. Ne3 Rb8 11. a4 Nb4 12. Ned5 Nbxd5 13. Nxd5 b5 14. axb5 axb5 15.
Ra7 Nxd5 16. Bxd5 Qb6 17. Ra2 Bb7 18. Bxb7 Rxb7 19. b3 f5 20. Bd2 f4 21. Ra5 b4
22. Qa1 f3 23. e4 Qd8 24. h3 h5 25. Qa4 Qd7 26. Qxd7 Rxd7 27. h4 Kf7 28. Rfa1
Ke6 29. Kh2 Bf6 30. Kh3 Rg8 31. Ra8 Rgg7 32. Bg5 Bxg5 33. hxg5 Rdf7 34. Kh4 Rh7
35. Re8+ Re7 36. Rea8 Ref7 37. R1a6 Rd7 38. Re8+ Rde7 39. Raa8 Rxe8 40. Rxe8+
Kf7 41. Ra8 Ke6 42. Kh3 Rg7 43. Re8+ Kf7 44. Rh8 Ke6 45. Ra8 Rh7 46. Kh4 Rg7 47.
Rf8 Ra7 48. Rf6+ Ke7 49. Rxg6 Ra2 50. Rf6 Rxf2 51. Kxh5 Rh2+ 52. Kg4 f2 53. Rf3
Ke6 54. g6 Rh6 55. Kg5 1-0

[Event "Druzynowe Mistrzostwa Polski Juniorow 2019 - II Liga"]
[Site "Szczyrk"]
[Date "1899-12-30"]
[Round "5.8"]
[White "Musial, Tomasz"]
[Black "Majewski, Krzysztof"]
[Result "1-0"]
[WhiteTitle "k"]
[BlackTitle "I"]
[WhiteElo "1856"]
[BlackElo "1719"]

1. d4 g6 2. c4 Bg7 3. Nf3 c6 4. g3 d5 5. Nbd2 Nf6 6. Bg2 O-O 7. O-O Re8 8. b3 Bg4
9. Ne5 Be6 10. Bb2 Nbd7 11. f4 Nxe5 12. fxe5 Nd7 13. e4 Nb6 14. Qe2 Rc8 15. exd5
cxd5 16. c5 Na8 17. Nf3 h6 18. Ne1 Nc7 19. Nd3 Bd7 20. Qf3 Rf8 21. Nf4 e6 22.
a4 Bc6 23. Nd3 Qd7 24. Nf2 f6 25. exf6 Rxf6 26. Qe3 Rcf8 27. Ng4 Rxf1+ 28. Rxf1
Rxf1+ 29. Bxf1 Kh7 30. Bc1 h5 31. Ne5 Qe7 32. Bd3 Be8 33. Qe2 Kg8 34. h4 Bf6 35.
Kg2 Qg7 36. Bf4 g5 37. hxg5 Bxg5 38. Qe3 Bf6 39. Nf3 a6 40. Bxc7 Qxc7 41. Qxe6+
Qf7 42. Bf5 Kg7 43. Qe3 Qf8 44. Ng5 Bxg5 45. Qxg5+ Kh8 46. Be6 Kh7 47. Bxd5 Bg6
48. Qe5 Qd8 49. Be4 Bxe4+ 50. Qxe4+ Kg7 51. Qxb7+ Kh8 52. Qe4 Qa5 53. c6 Qd2+
54. Kh3 Qd1 55. c7 Qf1+ 56. Kh2 Qf2+ 57. Qg2 Qf8 58. Qc2 Qc8 59. d5 1-0

[Event "Druzynowe Mistrzostwa Polski Juniorow 2019 - II Liga"]
[Site "Szczyrk"]
[Date "1899-12-30"]
[Round "5.9"]
[White "Grzesik, Gracjan"]
[Black "Kutowski, Marcel"]
[Result "1-0"]
[WhiteTitle "I++"]
[BlackTitle "I"]
[WhiteElo "1974"]
[BlackElo "1659"]

1. c4 c5 2. Nc3 Nc6 3. g3 g6 4. Bg2 Bg7 5. d3 d6 6. e4 e6 7. Nge2 Nge7 8. Be3 Nd4
9. Qd2 h6 10. O-O Nec6 11. Rab1 a5 12. Nb5 b6 13. e5 d5 14. Bxd4 cxd4 15. Nd6+
Kf8 16. f4 Ne7 17. Nxd4 Bd7 18. Rbc1 Kg8 19. cxd5 Nxd5 20. Bxd5 exd5 21. Qg2 Be6
22. Nxe6 fxe6 23. Rc6 Bf8 24. Qh3 Qd7 25. Rfc1 Rh7 26. d4 b5 27. Nc8 Bb4 28. Nb6
Qa7 29. Qxe6+ Kh8 30. Rc8+ 1-0

[Event "Druzynowe Mistrzostwa Polski Juniorow 2019 - II Liga"]
[Site "Szczyrk"]
[Date "1899-12-30"]
[Round "5.10"]
[White "Wilk, Igor"]
[Black "Bochniak, Franciszek"]
[Result "1-0"]
[WhiteTitle "I"]
[BlackTitle "II+"]
[WhiteElo "1689"]
[BlackElo "1194"]

1. e4 c5 2. Nf3 d6 3. d4 cxd4 4. Nxd4 Nf6 5. Nc3 a6 6. h4 e5 7. Nb3 Be6 8. f4 Be7
9. f5 Bd7 10. g4 h6 11. Be3 b5 12. a3 Nc6 13. Bg2 Nh7 14. Bf2 O-O 15. Nd5 Rb8
16. Qf3 f6 17. O-O-O b4 18. Qd3 bxa3 19. bxa3 Be8 20. Nxe7+ Qxe7 21. Qxd6 Qb7
22. Rh3 a5 23. Rhd3 a4 24. Nc5 Qb2+ 25. Kd2 Na5 26. Qd5+ Bf7 27. Nxa4 Bxd5 28.
Nxb2 Rxb2 29. Rxd5 Rc8 30. Bc5 Nb7 31. Kc1 Rb5 32. Bb4 Rb6 33. Bf1 Rbc6 34. R1d2
Rb6 35. Bb5 Nf8 36. Ba4 g6 37. Bb3 Kg7 38. Bxf8+ Kxf8 39. Kd1 Nc5 40. Rd8+ Rxd8
41. Rxd8+ Ke7 42. fxg6 Kxd8 43. g7 Rd6+ 44. Ke2 1-0

[Event "Druzynowe Mistrzostwa Polski Juniorow 2019 - II Liga"]
[Site "Szczyrk"]
[Date "1899-12-30"]
[Round "5.11"]
[White "Bienko, Jagoda"]
[Black "Pyzio, Amelia"]
[Result "1/2-1/2"]
[WhiteTitle "I"]
[BlackTitle "I++"]
[WhiteElo "1415"]
[BlackElo "1616"]

1. d4 d5 2. Nf3 Nf6 3. g3 e6 4. Bg2 Be7 5. O-O O-O 6. c4 c6 7. Nc3 Nbd7 8. b3 b6
9. Bb2 Bb7 10. Nd2 c5 11. e3 Rc8 12. Rc1 Nb8 13. cxd5 Nxd5 14. Nc4 Nxc3 15. Bxc3
Bxg2 16. Kxg2 Qd5+ 17. Qf3 Rfd8 18. Qxd5 Rxd5 19. dxc5 Bxc5 20. Rfd1 Rcd8 21.
Rxd5 Rxd5 22. Rc2 Na6 23. Rd2 Rxd2 24. Nxd2 f6 25. Ne4 Ba3 26. Nd2 Kf7 27. Nc4
Bc5 28. e4 Nc7 29. h3 Nb5 30. Bb2 Ke7 31. g4 Nd6 32. Nxd6 Bxd6 33. Kf3 Bc5 34.
Ke2 e5 35. f3 Kd6 36. h4 h6 37. h5 Kc6 38. Kd3 Kb5 39. a4+ Kb4 40. Kc2 Be3 41.
Bc3+ Ka3 42. Be1 Bd4 43. Bh4 Kb4 44. Be1+ Ka3 45. Bh4 Ka2 46. Be1 Ka3 47. Bh4
Kb4 48. Be1+ Ka3 49. Bh4 Ka2 50. Be1 Ka3 51. Bh4 Kb4 52. Be1+ Ka3 53. Bh4 Bc5
54. Be1 Bg1 55. Bh4 Bd4 56. Be1 Bc5 57. Bh4 Kb4 58. Be1+ Ka3 59. Bh4 Bg1 60. Be1
Bd4 61. Bh4 Bc5 62. Be1 Bg1 63. Bh4 Kb4 64. Be1+ Ka3 1/2-1/2

[Event "Druzynowe Mistrzostwa Polski Juniorow 2019 - II Liga"]
[Site "Szczyrk"]
[Date "1899-12-30"]
[Round "5.12"]
[White "Straczek, Wiktoria"]
[Black "Grzesik, Nikola"]
[Result "1-0"]
[WhiteTitle "I"]
[BlackTitle "I"]
[WhiteElo "1316"]
[BlackElo "1338"]

1. e4 c5 2. Nc3 e6 3. g3 d5 4. exd5 exd5 5. Bg2 Nf6 6. Nge2 d4 7. Ne4 Nxe4 8. Bxe4
Nc6 9. O-O g6 10. Re1 Be6 11. Nf4 Qd7 12. d3 O-O-O 13. Nxe6 fxe6 14. f4 Bg7 15.
Qg4 Nb4 16. Re2 Rde8 17. a3 Nd5 18. Bg2 Bf6 19. Bd2 Re7 20. Rae1 Rhe8 21. Bh3
Nc7 22. Qf3 Kb8 23. b4 Nd5 24. Kf1 Qc6 25. Bg2 Ne3+ 26. Bxe3 Qxf3+ 27. Bxf3 dxe3
28. Rxe3 Bb2 29. bxc5 Bd4 30. R3e2 Bxc5 31. a4 Bd4 32. Re4 Bf6 33. Bg4 e5 34.
fxe5 Rxe5 35. Rxe5 Rxe5 36. Rxe5 Bxe5 37. Kf2 Kc7 38. Be6 g5 39. h3 Kd6 40. Bb3
Ke7 41. Kf3 Kf6 42. g4 a5 43. Bd5 b6 44. c4 Bd4 45. Ke4 Bb2 46. Bb7 Bc3 47. Bc8
Bb2 48. Bf5 h6 49. Kd5 Bc3 50. d4 Ke7 51. c5 bxc5 52. dxc5 Bb4 53. Kc6 Be1 54.
Kc7 Bg3+ 55. Kc8 Ke8 56. c6 Bd6 57. c7 Ke7 58. Kb7 Bxc7 59. Kxc7 Kf6 60. Kb6 Ke5
1-0

[Event "Druzynowe Mistrzostwa Polski Juniorow 2019 - II Liga"]
[Site "Szczyrk"]
[Date "1899-12-30"]
[Round "5.13"]
[White "Burdzicki, Jan"]
[Black "Grochol, Kamil"]
[Result "0-1"]
[WhiteTitle "II+"]
[BlackTitle "I"]
[WhiteElo "1717"]
[BlackElo "1714"]

1. d4 b6 2. c4 e6 3. a3 Bb7 4. Nc3 g6 5. Nf3 Bg7 6. Qc2 Bxf3 7. exf3 Bxd4 8. Nb5
Be5 9. Qe4 Nc6 10. g4 a6 11. f4 Bg7 12. Nc3 Nge7 13. Bg2 f5 14. Qe2 Nd4 15. Qd1
Rb8 16. g5 h6 17. h4 h5 18. Be3 Nec6 19. Qd3 d6 20. Ne2 e5 21. Nxd4 Nxd4 22. Bxd4
exd4 23. Bc6+ Kf8 24. a4 Kg8 25. O-O Kh7 26. Rfe1 Rf8 27. Re6 Rf7 28. Rae1 Qh8
29. Be8 Rxe8 30. Rxe8 Bf8 31. Rd8 Qg7 32. Ree8 d5 33. cxd5 Bd6 34. Rh8+ Qxh8 35.
Rxh8+ Kxh8 36. Qxd4+ Kh7 37. b4 Re7 38. f3 a5 39. bxa5 Bc5 40. Qxc5 bxc5 41. Kf2
c4 42. a6 c3 43. a7 Re8 44. a8=Q Rxa8 45. Ke2 Rxa4 46. Kd3 Rc4 47. Kc2 Rc5 48.
Kd3 c2 0-1

[Event "Druzynowe Mistrzostwa Polski Juniorow 2019 - II Liga"]
[Site "Szczyrk"]
[Date "1899-12-30"]
[Round "5.14"]
[White "Oles, Martin"]
[Black "Burdzicki, Stanislaw"]
[Result "1/2-1/2"]
[WhiteTitle "I"]
[BlackTitle "I"]
[WhiteElo "1682"]
[BlackElo "1660"]

1. e4 c5 2. d3 Nc6 3. g3 g6 4. Bg2 Bg7 5. f4 d6 6. Nc3 e5 7. Nf3 Nge7 8. O-O O-O
9. f5 gxf5 10. exf5 Nxf5 11. Ng5 h6 12. Nxf7 Rxf7 13. Bd5 Qe7 14. g4 Be6 15. Rxf5
Rxf5 16. gxf5 Bxd5 17. Nxd5 Qf7 18. Ne3 Nd4 19. Qg4 Rf8 20. Qg2 Kh8 21. Bd2 Nxf5
22. Nxf5 Qxf5 23. Rf1 Qxf1+ 24. Qxf1 Rxf1+ 25. Kxf1 Kh7 26. Kf2 Kg6 27. c4 h5
28. Kf3 Kf5 29. h3 Bf6 30. b3 Bg5 31. Bc3 a6 32. a4 Bc1 33. Ba5 Bg5 34. Bc7 Be7
35. Ba5 Bh4 36. Bc7 Ke6 37. Ke4 Be7 38. Ba5 Bg5 39. Be1 Bd8 40. Bd2 Be7 41. Be1
Bd8 1/2-1/2

[Event "Druzynowe Mistrzostwa Polski Juniorow 2019 - II Liga"]
[Site "Szczyrk"]
[Date "1899-12-30"]
[Round "5.15"]
[White "Kaliszuk, Kamil"]
[Black "Jendrowiak, Maciej"]
[Result "1-0"]
[WhiteTitle "I"]
[BlackTitle "II"]
[WhiteElo "1834"]
[BlackElo "1507"]

1. e4 c6 2. d4 d5 3. exd5 cxd5 4. Bd3 Nc6 5. c3 Nf6 6. Bf4 e6 7. Nf3 Bd6 8. Bxd6
Qxd6 9. Qe2 O-O 10. Nbd2 h6 11. Ne5 Nd7 12. f4 Ncxe5 13. fxe5 Qe7 14. O-O-O Nb6
15. g4 g6 16. h4 Bd7 17. Rdf1 Rac8 18. h5 g5 19. Bc2 f5 20. exf6 Rxf6 21. Rxf6
Qxf6 22. Rf1 Qg7 23. Qf3 Qe7 24. Qf6 Qg7 25. Nb3 e5 26. Qxg7+ Kxg7 27. dxe5 Bxg4
28. Bg6 Rf8 29. Re1 Nc8 30. Na5 Ne7 31. Nxb7 Nxg6 32. hxg6 Re8 33. Nd6 Re6 34.
Kd2 Kxg6 35. Kd3 h5 36. Kd4 Bf3 37. Nb5 g4 38. Kc5 Be4 39. Kd4 Rb6 40. c4 a6 41.
Nd6 Rxb2 42. cxd5 Rb4+ 43. Kc5 Rb8 44. Nxe4 Rc8+ 45. Kd4 Kf5 46. Nd6+ 1-0

[Event "Druzynowe Mistrzostwa Polski Juniorow 2019 - II Liga"]
[Site "Szczyrk"]
[Date "1899-12-30"]
[Round "5.16"]
[White "Potyra, Stanislaw"]
[Black "Binek, Dawid"]
[Result "0-1"]
[WhiteTitle "II"]
[BlackTitle "II"]
[WhiteElo "1267"]
[BlackElo "1322"]

1. e4 e5 2. Nf3 Nc6 3. d4 exd4 4. Nxd4 Bc5 5. Nb3 Bb6 6. Qe2 Nf6 7. Nc3 O-O 8.
Be3 Bxe3 9. Qxe3 d6 10. O-O-O Re8 11. f3 a6 12. g4 Nd7 13. h4 Nde5 14. g5 f5 15.
gxf6 Qxf6 16. Nd5 Qf7 17. f4 Ng4 18. Qf3 Nf6 19. Bc4 Be6 20. Rhe1 b5 21. Nxf6+
Qxf6 22. Bxe6+ Rxe6 23. c3 Rf8 24. Qg4 Qxf4+ 25. Qxf4 Rxf4 26. Nd4 Nxd4 27. Rxd4
Rxh4 28. c4 c5 29. Rd5 bxc4 30. e5 Rd4 31. Rd1 Rxd1+ 32. Kxd1 dxe5 33. Rxc5 h5
34. Rxc4 g5 35. Ke2 Kf7 36. b4 Kf6 37. Kf3 g4+ 38. Kg3 e4 39. Kf4 e3 40. Rc1 e2
41. Re1 Kg6 42. a3 Re7 43. a4 Rb7 44. b5 axb5 45. a5 Re7 46. a6 b4 47. Kg3 b3
48. a7 Rxa7 49. Rxe2 Rf7 50. Kh4 Rf3 51. Re6+ Kf5 52. Rf6+ Kxf6 53. Kxh5 b2 54.
Kxg4 Rf5 55. Kg3 b1=Q 56. Kg2 Qe4+ 57. Kg1 Qg4+ 58. Kh2 Rh5# 0-1

[Event "Druzynowe Mistrzostwa Polski Juniorow 2019 - II Liga"]
[Site "Szczyrk"]
[Date "1899-12-30"]
[Round "5.17"]
[White "Orlik, Sandra"]
[Black "Kroliczek, Gabriela"]
[Result "0-1"]
[WhiteTitle "I++"]
[BlackTitle "I++"]
[WhiteElo "1805"]
[BlackElo "1664"]

1. d4 Nf6 2. Bf4 e6 3. e3 c5 4. Nf3 Nc6 5. c3 d5 6. Nbd2 Be7 7. h3 Ne4 8. Qc2 f5
9. Ne5 O-O 10. Nxe4 fxe4 11. Be2 Bd6 12. Nxc6 bxc6 13. Bxd6 Qxd6 14. f4 exf3 15.
gxf3 e5 16. O-O-O exd4 17. cxd4 c4 18. e4 Qf4+ 19. Rd2 Rb8 20. Qc3 Be6 21. Bd1
Rb6 22. e5 Rfb8 23. Kb1 Ra8 24. Ka1 a5 25. Bc2 Rab8 26. Ba4 Rb4 27. Bd1 Bf5 28.
h4 Bd3 29. Be2 Bf5 30. Bd1 a4 31. Rhh2 Bd3 32. Bc2 Bxc2 33. Rxc2 a3 34. h5 axb2+
35. Kb1 Qf5 36. h6 0-1

[Event "Druzynowe Mistrzostwa Polski Juniorow 2019 - II Liga"]
[Site "Szczyrk"]
[Date "1899-12-30"]
[Round "5.18"]
[White "Cieslak, Jessica"]
[Black "Bienek, Magdalena"]
[Result "1/2-1/2"]
[WhiteTitle "I"]
[BlackTitle "II"]
[WhiteElo "1332"]
[BlackElo "1104"]

1. d4 d5 2. c4 e6 3. Nc3 Nf6 4. Bf4 Be7 5. e3 O-O 6. c5 Nc6 7. a3 Ne4 8. Nxe4 dxe4
9. Bc4 f5 10. b4 g5 11. Be5 Bf6 12. Bxf6 Qxf6 13. Ne2 Ne7 14. Qb3 c6 15. h4 g4
16. Nf4 Nd5 17. Bxd5 exd5 18. Ke2 Kh8 19. g3 Bd7 20. b5 Rab8 21. b6 a6 22. a4
Be8 23. Qb4 h5 24. Ng2 Qd8 25. Qa5 Qc8 26. Ne1 Qd8 27. Nc2 Rf7 28. Rhb1 Qc8 29.
Rb2 Rg7 30. Rab1 Re7 31. Qe1 Rg7 32. a5 Re7 33. Nb4 Rg7 34. Qc3 Re7 35. Qb3 Bf7
36. Qc2 1/2-1/2